<?xml version="1.0" encoding="UTF-8"?>
<collection xmlns="http://www.loc.gov/MARC21/slim">
 <record>
  <leader>01225nam a2200265 a 4500</leader>
  <controlfield tag="001">1/39359</controlfield>
  <controlfield tag="008">100128r20082007enkab    b    001 0 eng  </controlfield>
  <datafield tag="020" ind1=" " ind2=" ">
   <subfield code="a">9780470029626</subfield>
  </datafield>
  <datafield tag="035" ind1=" " ind2=" ">
   <subfield code="l">42019</subfield>
  </datafield>
  <datafield tag="040" ind1=" " ind2=" ">
   <subfield code="a">DLC</subfield>
   <subfield code="c">DLC</subfield>
   <subfield code="d">DLC</subfield>
   <subfield code="d">GR-PeUP</subfield>
  </datafield>
  <datafield tag="082" ind1="0" ind2="0">
   <subfield code="a">333.790681 BUR</subfield>
  </datafield>
  <datafield tag="100" ind1="1" ind2=" ">
   <subfield code="a">Burger, Markus.</subfield>
  </datafield>
  <datafield tag="245" ind1="1" ind2="0">
   <subfield code="a">Managing energy risk :</subfield>
   <subfield code="b">an integrated view on power and other energy markets /</subfield>
   <subfield code="c">Markus Burger, Bernhard Graeber, Gero Schindlmayr.</subfield>
  </datafield>
  <datafield tag="260" ind1=" " ind2=" ">
   <subfield code="a">Chichester, England ;</subfield>
   <subfield code="a">Hoboken, NJ :</subfield>
   <subfield code="b">John Wiley &amp; Sons,</subfield>
   <subfield code="c">c2007, 2008.</subfield>
  </datafield>
  <datafield tag="300" ind1=" " ind2=" ">
   <subfield code="a">xiv, 302 σ. :</subfield>
   <subfield code="b">εικ. ;</subfield>
   <subfield code="c">25 εκ.</subfield>
  </datafield>
  <datafield tag="490" ind1="1" ind2=" ">
   <subfield code="a">Wiley finance series ;</subfield>
  </datafield>
  <datafield tag="504" ind1=" " ind2=" ">
   <subfield code="a">Περιέχει βιβλιογραφία και ευρετήριο.</subfield>
  </datafield>
  <datafield tag="650" ind1=" " ind2="4">
   <subfield code="a">Energy industries</subfield>
   <subfield code="x">Risk management.</subfield>
  </datafield>
  <datafield tag="700" ind1="1" ind2=" ">
   <subfield code="a">Graeber, Bernhard.</subfield>
  </datafield>
  <datafield tag="700" ind1="1" ind2=" ">
   <subfield code="a">Schindlmayr, Gero.</subfield>
  </datafield>
  <datafield tag="830" ind1=" " ind2=" ">
   <subfield code="a">The Wiley Finance series.</subfield>
  </datafield>
  <datafield tag="852" ind1=" " ind2=" ">
   <subfield code="a">INST</subfield>
   <subfield code="b">UNIPILB</subfield>
   <subfield code="c">MAIN</subfield>
   <subfield code="e">20100128</subfield>
   <subfield code="h">333.790681 BUR</subfield>
   <subfield code="p">00160383</subfield>
   <subfield code="q">00160383</subfield>
   <subfield code="t">LOAN</subfield>
   <subfield code="y">4</subfield>
   <subfield code="x">20140505</subfield>
   <subfield code="4">1</subfield>
  </datafield>
  <datafield tag="852" ind1=" " ind2=" ">
   <subfield code="a">INST</subfield>
   <subfield code="b">UNIPILB</subfield>
   <subfield code="c">MAIN</subfield>
   <subfield code="e">20120123</subfield>
   <subfield code="h">333.790681 BUR</subfield>
   <subfield code="p">00164350</subfield>
   <subfield code="q">00164350</subfield>
   <subfield code="t">LOAN</subfield>
   <subfield code="y">4</subfield>
   <subfield code="x">20160505</subfield>
   <subfield code="4">2</subfield>
  </datafield>
  <datafield tag="856" ind1="4" ind2="1">
   <subfield code="3">Πίνακας περιεχομένων</subfield>
   <subfield code="u">http://www.loc.gov/catdir/enhancements/fy0808/2007042797-t.html</subfield>
  </datafield>
  <datafield tag="856" ind1="4" ind2=" ">
   <subfield code="d">/webopac/covers/02/42019_9780470029626.jpg</subfield>
  </datafield>
 </record>
</collection>
